LEADER 01271nam a2200265 i 4500 001 000000165909 003 CaOOAMICUS 005 20210517125853.0 008 071205s2006 it u000 u fre u 013 $a143277 020 $a88-901974-3-9 040 $aSeMil$bita 100 1 $aTerlinden, Luc <1968- >.$0(OLS)http://semarc/name/62564 245 13$aLe conflit des intériorités :$bCharles Taylor et l'intériorisation des sources morales : une lecture théologique à la lumière de John Henry Newman /$cLuc Terlinden. 260 $aRoma :$bEdacalf,$c2006. 300 $a318 p. ;$c25 cm. 490 0 $aTesi ;$v2 650 04$aTaylor, Charles <1931- > - Pensiero filosofico.$0(OLS)http://semarc/subject/16442 830 0$aTesi Accademia Alfonsiana ;$v2.$0(OLS)http://semarc/title/24866 850 $aSeMil 852 $aSeMil$W1$xVenegono$y1$m2HA J 2$j230545$B117080$CSeMilBibl$Z2$F129903 $81 996 $6020$a88-901974-3-9$9(OLS)http://semarc/number/152335 996 $6245$aLe conflit des intériorités :$bCharles Taylor et l'intériorisation des sources morales : une lecture théologique à la lumière de John Henry Newman$9(OLS)http://semarc/title/236932 996 $6260$aRoma :$bEdacalf$9(OLS)http://semarc/publisher/32173 LEADER 00967nam a2200229 i 4500 001 000000175781 003 CaOOAMICUS 005 20081118000000.0 008 081118s1986 it u000 u ita u 013 $a153264 040 $aSeMil$bita 100 1 $aMaggioni, Romeo,$c.$0(OLS)http://semarc/name/89554 245 10$aCento volte pellegrino :$bdiario dalla Terra Santa /$cRomeo Maggioni. 260 $aNerviano :$b[s.n.],$c1986. 300 $a156 p. :$b[1] c. di tav. a colori :$bill. ;$c21 cm. 500 $aDono di don Romano Martinelli. 650 4$aTerra Santa - Diari e memorie.$0(OLS)http://semarc/subject/22716 850 $aSeMil 852 $aSeMil$W1$xVenegono$y1$m4Y III 61$j126603$B126603$CSeMilBibl$Z2$F138897 $81 961 $aOmaggio: Martinelli don Romano 996 $6245$aCento volte pellegrino :$bdiario dalla Terra Santa$9(OLS)http://semarc/title/252140 996 $6260$aNerviano :$b[s.n.]$9(OLS)http://semarc/publisher/33179